Meeting the challenge of urban poverty: the KUSP intiative in West Bengal (Record no. 117025)

000 -LEADER
fixed length control field 01329pab a2200181 454500
008 - FIXED-LENGTH DATA ELEMENTS--GENERAL INFORMATION
fixed length control field 180718b2017 xxu||||| |||| 00| 0 eng d
100 ## - MAIN ENTRY--PERSONAL NAME
Personal name Sen, Payel
245 ## - TITLE STATEMENT
Title Meeting the challenge of urban poverty: the KUSP intiative in West Bengal
260 ## - PUBLICATION, DISTRIBUTION, ETC.
Date of publication, distribution, etc. 2017
300 ## - PHYSICAL DESCRIPTION
Extent p.60-80.
362 ## - DATES OF PUBLICATION AND/OR SEQUENTIAL DESIGNATION
Dates of publication and/or sequential designation Jul-Sep
520 ## - SUMMARY, ETC.
Summary, etc. In recognition of the growing magnitude and scale of urban poverty and the consequent need for focused policy intervention to address the gaps, the article empirically enquires into the efficacy of slum level infrastructural development as one of the crucial initiatives undertaken under the aegis of the Kolkata Urban Services for the Poor (KUSP) programme in West Bengal thereby examining its impact on urban poverty reduction. Keeping in mind the 'participatory' focus of the KUSP initiative, the article sheds light on the role performance of the community-based organisations in the slum areas which have been especially designed to ensure stakeholders' participation in the whole exercise. The results have significant implications for public administrators, development scholars and poverty analysts. - Reproduced.
650 ## - SUBJECT ADDED ENTRY--TOPICAL TERM
Topical term or geographic name entry element Infrastructure development - India - West Bengal
650 ## - SUBJECT ADDED ENTRY--TOPICAL TERM
Topical term or geographic name entry element Urban poverty - India - West Bengal
650 ## - SUBJECT ADDED ENTRY--TOPICAL TERM
Topical term or geographic name entry element Urban poverty
773 ## - HOST ITEM ENTRY
Main entry heading Nagarlok
909 ## -
-- 117031
Holdings
Withdrawn status Lost status Damaged status Not for loan Permanent Location Current Location Date acquired Serial Enumeration / chronology Barcode Date last seen Price effective from Koha item type
        Indian Institute of Public Administration Indian Institute of Public Administration 2018-07-19 Volume no: 49, Issue no: 3 AR117491 2018-07-19 2018-07-19 Articles

Powered by Koha